| 000 | 01578nam a2200301 a 4500 | ||
|---|---|---|---|
| 001 | 000045287 | ||
| 003 | DO-SdBNP | ||
| 005 | 20230327144422.0 | ||
| 007 | ta | ||
| 008 | 150224s1986 dr ac r 000 0 spa d | ||
| 040 |
_aDO-SdBNP _bspa _cBNPHU |
||
| 082 | 4 |
_a720.97293 _bC162a _222 |
|
| 100 | 1 |
_aCalventi, Rafael, _922303 _d1932 |
|
| 245 | 1 | 0 |
_aArquitectura contemporánea en República Dominicana = _bContemporary architecture in the Dominican Republic / _cRafael Calventi; fotografías, Onorio Montas; traducción Arturo Calventi Thomen. |
| 246 | 1 | 3 | _aContemporary architecture in the Dominican Republic |
| 260 |
_aSanto Domingo : _bBanco Nacional de la Vivienda, _c1986. |
||
| 300 |
_a222 p. : _bil., fots. ; _c29 cm. |
||
| 490 | 0 | _aBanco Nacional de la Vivienda | |
| 500 | _aIncluye datos biográficos del autor en las solapas | ||
| 504 | _aBibliografía: p. 221-222 | ||
| 505 |
_aIntroducción -- _tHistoria -- _tUn breve discurso sobre la arquitectura en la historia dominicana : (1492-1965) / _rGustavo L. Moré, Arquiecto -- _tProyectos -- _tCasas unifamiliares y de vacaciones -- _tCasas multifamiliares -- _tHoteles -- _tArte y cultura -- _tIglesias -- _tDeporte -- _tOficinas y bancos -- _tCentros comerciales y administrativos -- _tHospitales -- _tMiscelánea -- _tNotas bibliográficas |
||
| 590 | _aInventariado, 2019/BT | ||
| 650 | 4 |
_aArquitectura _zRepública Dominicana _954378 _xHistoria _ySiglo XX |
|
| 700 | 1 |
_aMontas, Onorio, _efots. _959042 |
|
| 700 | 1 |
_aCalventi Thomen, Arturo, _etr. _973312 |
|
| 910 | _aValidado. Control de calidad MFF | ||
| 942 |
_2ddc _cLBS1 |
||
| 999 |
_c44776 _d44776 |
||